000 00720nam a2200229 i 4500
001 6934
003 ES-MaACL
005 20250717050002.0
007 t|
008 900712s1989 sp ||||1| spa d
020 _a84-345-8446-8
080 _a576.15
100 1 _aShapiro, Robert.
_9106007
245 1 0 _aOrígenes
_b: lo que sabemos actualmente sobre el origen de la vida /
_cRobert Shapiro.
260 _aBarcelona :
_bSalvat,
_cD.L. 1989.
300 _aVII, 305 p. ;
_c19 cm.
490 1 _aBiblioteca científica Salvat ;
_v82
650 1 7 _aBiogénesis
_2embne
_910571
830 0 _aBiblioteca científica Salvat ;
_v82
_9177703
852 _aES-MaACL
_jL-14164
_bR.117752
_z. - rust.
999 _c6934
_d6934